Big data, data mining, and machine learning: value creation for business leaders and practitioners

Guardat en:
Dades bibliogràfiques
Autor principal: Dean, Jared (Autor)
Format: Llibre
Idioma:anglès
Publicat: Hoboken John Wiley and Sons 2014
Edició:1a. ed
Col·lecció:Wiley and SAS Business Series
Matèries:
Etiquetes: Afegir etiqueta
Sense etiquetes, Sigues el primer a etiquetar aquest registre!

MARC

LEADER 00000cam a2200000 a 4500
001 UCC1476
003 CL-VaPUC
008 171025e20140000us |||||||||||||||||eng|d
020 |a 9781118618042 
082 0 4 |a 005.54  |b DEA  |2 21 
100 0 |a Dean, Jared  |e author  |9 595577 
245 1 0 |a Big data, data mining, and machine learning: value creation for business leaders and practitioners 
250 |a 1a. ed 
300 |a 265 p 
942 |c BK 
945 |d 20171025 21:08:00  |a arojas 
260 |a Hoboken  |b John Wiley and Sons  |c 2014 
650 0 |a Almacenamiento de datos   |9 488735 
650 7 |a MINERIA DE DATOS  |2 CL-VaPUC  |9 595578 
650 0 |a Data mining (Minería de datos)   |9 493858 
650 0 |a Proceso de datos   |9 259776 
583 |a last modification  |c 20171025 21:08:00  |k Rodrigo Vera 
490 0 |a Wiley and SAS Business Series 
999 |c 369974  |d 369972 
952 |0 0  |1 0  |3 erd  |4 0  |6 005_540000000000000_DEA_2014  |7 0  |8 A  |9 486183  |a BIBING  |b BIBING  |i 5432804  |l 1  |o 005.54 DEA 2014  |p 5432804  |r 2025-01-20  |s 2022-05-19  |w 2019-11-24  |y BK  |z Catalogado en:20171025  |k EII